[Event "5ème open de Provence (B)"]
[Site "Salon de Provence"]
[Date "2014.??.??"]
[Round "2.13"]
[White "Philippe, Alexis"]
[Black "Goeau, Philibert"]
[Result "1/2-1/2"]
[WhiteElo "1420"]
[BlackElo "1308"]
[PlyCount "123"]
[EventDate "2014.??.??"]

1. d4 e6 2. c4 d5 3. Nf3 Nf6 4. Nc3 c5 5. e3 cxd4 6. exd4 Nc6 7. Bg5 Bb4 8. Be2
O-O 9. O-O dxc4 10. Bxc4 Be7 11. Rc1 h6 12. Be3 b6 13. Bd3 Bb7 14. Ne4 Qd7 15.
Ng3 Rfd8 16. Bb5 a6 17. Bxc6 Bxc6 18. Ne5 Qe8 19. Nxc6 Rd7 20. Nxe7+ Qxe7 21.
Qf3 Nd5 22. Ne2 Rad8 23. Bd2 Qh4 24. Qg3 Qxg3 25. Nxg3 Nf6 26. Be3 Nd5 27. Bd2
Nf6 28. Ne2 e5 29. Rc6 Rb8 30. Rfc1 Rdd8 31. a3 Rb7 32. Rc8 Rxc8 33. Rxc8+ Kh7
34. dxe5 Rd7 35. Rc2 Ne4 36. f3 Rxd2 37. Rxd2 Nxd2 38. b3 Nxb3 39. Nc3 Kg6 40.
Nd5 b5 41. Nc7 Nc5 42. g4 Kg5 43. Nd5 a5 44. f4+ Kxg4 45. Kg2 Nd3 46. h3+ Kf5
47. Kf3 b4 48. Ne3+ Ke6 49. Ke4 Nf2+ 50. Kf3 Nxh3 51. Nc4 bxa3 52. Nxa3 Kf5 53.
Nc4 a4 54. Nd6+ Ke6 55. Ne8 a3 56. Nxg7+ Ke7 57. Nf5+ Kf8 58. Nd4 a2 59. Nc2
Ke7 60. Kg3 Ng1 61. Kg4 Ne2 62. f5 1/2-1/2

[Event "5ème open de Provence (B)"]
[Site "Salon de Provence"]
[Date "2014.??.??"]
[Round "2.14"]
[White "Hervy, Daniel"]
[Black "Misene, Milan"]
[Result "0-1"]
[WhiteElo "1310"]
[BlackElo "1410"]
[PlyCount "100"]
[EventDate "2014.??.??"]

1. d4 Nf6 2. c4 d6 3. Nc3 g6 4. Nf3 Bg7 5. h3 O-O 6. Be3 Nbd7 7. Qd2 c5 8. Bh6
cxd4 9. Nxd4 Ne5 10. e4 Nc6 11. Bxg7 Kxg7 12. Nd5 e5 13. Nf3 Nxe4 14. Qc2 Nf6
15. O-O-O Nxd5 16. cxd5 Ne7 17. Be2 Bf5 18. Bd3 Rc8 19. Bxf5 Rxc2+ 20. Bxc2 Qa5
21. Bb3 Qc5+ 22. Kb1 Qxf2 23. Nd2 Rc8 24. Ne4 Qf5 25. Bc2 Qd7 26. Rhf1 Nf5 27.
Ng5 Qc7 28. Bxf5 gxf5 29. Rc1 Qd7 30. g4 f4 31. Ne4 f5 32. Nxd6 Rxc1+ 33. Kxc1
Qxd6 34. gxf5 Qc5+ 35. Kb1 Kf6 36. Rd1 Qd6 37. a3 Kxf5 38. b4 e4 39. h4 Ke5 40.
Rg1 Qg6 41. Rg5+ Qxg5 42. hxg5 Kxd5 43. Kc2 Kd4 44. Kd2 e3+ 45. Ke2 Ke4 46. Kf1
Kf3 47. Ke1 e2 48. a4 Ke3 49. b5 f3 50. a5 f2# 0-1

[Event "5ème open de Provence (B)"]
[Site "Salon de Provence"]
[Date "2014.??.??"]
[Round "2.15"]
[White "Benezra, Silke"]
[Black "Graccione, Angele"]
[Result "1-0"]
[WhiteElo "1405"]
[BlackElo "1040"]
[PlyCount "61"]
[EventDate "2014.??.??"]

1. d4 d5 2. Nf3 Nc6 3. e3 e6 4. c4 Nf6 5. Nc3 Be7 6. Bd3 O-O 7. O-O a6 8. Qc2
Nb4 9. Qd2 Nxd3 10. Qxd3 c5 11. b3 b6 12. Ne5 Bb7 13. cxd5 Nxd5 14. Nxd5 Bxd5
15. Ba3 c4 16. Bxe7 Qxe7 17. bxc4 Bb7 18. Rac1 f6 19. Nf3 Bxf3 20. gxf3 Rf7 21.
c5 bxc5 22. Rxc5 Qd6 23. Qa3 Rc7 24. Rfc1 Rac8 25. Qc3 e5 26. Rxc7 Qxc7 27.
Qxc7 Rxc7 28. Rxc7 exd4 29. exd4 Kf8 30. d5 Ke8 31. Rxg7 1-0

[Event "5ème open de Provence (B)"]
[Site "Salon de Provence"]
[Date "2014.??.??"]
[Round "2.16"]
[White "Pietrac, Christian"]
[Black "Brenon, Stephane"]
[Result "0-1"]
[WhiteElo "1214"]
[BlackElo "1360"]
[PlyCount "74"]
[EventDate "2014.??.??"]

1. d4 Nf6 2. c4 g6 3. Nc3 d5 4. Bg5 Bg7 5. f3 dxc4 6. Qa4+ Nc6 7. e3 O-O 8.
Bxc4 e6 9. Nge2 Bd7 10. Qb3 Na5 11. Qb4 Nxc4 12. Qxc4 h6 13. Bf4 Rc8 14. O-O-O
a6 15. g4 b5 16. Qd3 b4 17. Ne4 Nd5 18. Bg3 c5 19. Nxc5 Qf6 20. Rhf1 Bb5 21.
Qd2 Qd8 22. Kb1 Qe7 23. Rc1 Bxe2 24. Qxe2 e5 25. Nb3 exd4 26. Rxc8 Rxc8 27.
Qxa6 Rf8 28. exd4 Qe3 29. Qd6 Qd3+ 30. Kc1 Qxf1+ 31. Kd2 Qg2+ 32. Kd1 Qxf3+ 33.
Kc1 Rc8+ 34. Nc5 Qf1+ 35. Kd2 Qg2+ 36. Kc1 Bxd4 37. Kd1 Ne3+ 0-1

[Event "5ème open de Provence (B)"]
[Site "Salon de Provence"]
[Date "2014.??.??"]
[Round "3.1"]
[White "Salvi, Michel"]
[Black "Noireaut, Hoan"]
[Result "1-0"]
[WhiteElo "1626"]
[BlackElo "1674"]
[PlyCount "44"]
[EventDate "2014.??.??"]

1. e4 d6 2. d4 Nf6 3. Nc3 g6 4. Be2 Bg7 5. Be3 O-O 6. h4 Nbd7 7. f4 a6 8. h5 e5
9. hxg6 hxg6 10. dxe5 dxe5 11. f5 b6 12. fxg6 fxg6 13. Bc4+ Rf7 14. Bh6 Qf8 15.
Bxg7 Qxg7 16. Nf3 Nc5 17. Ng5 Bg4 18. Qd2 Bh5 19. Nxf7 b5 20. Bd5 Nxd5 21. Qxd5
Qxf7 22. Qxa8+ Kg7 1-0

[Event "5ème open de Provence (B)"]
[Site "Salon de Provence"]
[Date "2014.??.??"]
[Round "3.2"]
[White "Baroyan, Davit"]
[Black "Billon-Blouin, Alec"]
[Result "1-0"]
[WhiteElo "1654"]
[BlackElo "1579"]
[PlyCount "77"]
[EventDate "2014.??.??"]

1. d4 Nf6 2. c4 c5 3. d5 b5 4. cxb5 a6 5. b6 Qxb6 6. Nc3 d6 7. e4 g6 8. Nf3 Bg7
9. Be2 O-O 10. O-O Nbd7 11. Qc2 h6 12. h3 Ne8 13. Bd3 Nc7 14. Bd2 Ne5 15. Nxe5
dxe5 16. Na4 Qd6 17. Qxc5 Rb8 18. Rac1 Nb5 19. Bb4 Bd7 20. Bxb5 Bxb5 21. Qxd6
exd6 22. Bxd6 Bxa4 23. Bxb8 Rxb8 24. b3 Bb5 25. Rfd1 Bf8 26. f3 Bd6 27. Kf2 Kf8
28. Rc2 Ke7 29. Rdc1 Kd7 30. a4 Bd3 31. Rc3 Ba3 32. Rd1 Bxe4 33. fxe4 Bb2 34.
Rf3 Bd4+ 35. Kg3 Rf8 36. Rf6 a5 37. Rdf1 Ke7 38. d6+ Ke8 39. Rc1 1-0

[Event "5ème open de Provence (B)"]
[Site "Salon de Provence"]
[Date "2014.??.??"]
[Round "3.3"]
[White "Goeau, Loic"]
[Black "Loi, Emmanuel"]
[Result "1-0"]
[WhiteElo "1651"]
[BlackElo "1271"]
[PlyCount "93"]
[EventDate "2014.??.??"]

1. e4 d6 2. d4 e6 3. Nf3 g6 4. Bg5 Be7 5. Bxe7 Nxe7 6. Bd3 O-O 7. Nc3 a6 8. Qd2
Bd7 9. Qh6 f6 10. e5 Nf5 11. Bxf5 exf5 12. exf6 Qxf6 13. O-O-O Bc6 14. Ng5 Qh8
15. Rhe1 Qg7 16. Qxg7+ Kxg7 17. Ne6+ Kg8 18. Nxf8 Kxf8 19. g3 Nd7 20. d5 Bb5
21. Nxb5 axb5 22. a3 Ne5 23. Re3 Ng4 24. Rb3 Ra5 25. Rc3 Nxf2 26. Rxc7 h5 27.
Re1 Ne4 28. Rxe4 fxe4 29. Rd7 e3 30. Rxd6 b4 31. Re6 bxa3 32. bxa3 Rxa3 33. Kb2
Ra5 34. c4 Kf7 35. Rxe3 Ra6 36. c5 Rf6 37. d6 Rf2+ 38. Kc3 Rf1 39. Re7+ Kf6 40.
Rxb7 Rc1+ 41. Kd4 Rd1+ 42. Ke4 Re1+ 43. Kd5 Re5+ 44. Kc6 Re6 45. Re7 Rxe7 46.
dxe7 Kxe7 47. Kb7 1-0

[Event "5ème open de Provence (B)"]
[Site "Salon de Provence"]
[Date "2014.??.??"]
[Round "3.4"]
[White "Maccagnan, Tomas"]
[Black "Mazzella, Enzo"]
[Result "1/2-1/2"]
[WhiteElo "1679"]
[BlackElo "1554"]
[PlyCount "56"]
[EventDate "2014.??.??"]

1. e4 d5 2. exd5 Qxd5 3. Nc3 Qd6 4. Nf3 Nf6 5. d4 Bg4 6. Be2 c6 7. O-O e6 8.
Be3 Be7 9. Qd2 O-O 10. Bf4 Qd8 11. h3 Bxf3 12. Bxf3 Nbd7 13. Rfe1 Nb6 14. Qd3
Nbd5 15. Nxd5 cxd5 16. Rac1 Rc8 17. c4 b6 18. a3 Qd7 19. cxd5 Nxd5 20. Bxd5
Qxd5 21. Rxc8 Rxc8 22. Qa6 Qd7 23. d5 Rc2 24. dxe6 fxe6 25. Rc1 Rxc1+ 26. Bxc1
Qd1+ 27. Qf1 Qxf1+ 28. Kxf1 Kf7 1/2-1/2

[Event "5ème open de Provence (B)"]
[Site "Salon de Provence"]
[Date "2014.??.??"]
[Round "3.5"]
[White "Frailinu, Jean-Bernard"]
[Black "Cavanihac, Claude"]
[Result "1-0"]
[WhiteElo "1574"]
[BlackElo "1535"]
[PlyCount "75"]
[EventDate "2014.??.??"]

1. c4 f5 2. Nc3 Nf6 3. Nf3 e6 4. d4 c6 5. e3 Be7 6. Bd3 d5 7. O-O Nbd7 8. a3
Ne4 9. Qc2 Ndf6 10. h3 Bd6 11. Ne5 Qc7 12. f4 O-O 13. c5 Be7 14. Kh1 g6 15. Be2
Kg7 16. Bf3 Bd7 17. g3 h5 18. Ne2 g5 19. fxg5 Nxg5 20. Bg2 Be8 21. Nf4 Qc8 22.
Qe2 Rh8 23. Bd2 Bf7 24. Bf3 Nxf3 25. Qxf3 Ne4 26. Be1 Be8 27. Rg1 Kf6 28. Kg2
Qc7 29. b4 b6 30. Kf1 bxc5 31. bxc5 Qb7 32. Bb4 a5 33. Be1 Qb5+ 34. Nfd3 Qb7
35. h4 Bd8 36. Rg2 Bc7 37. Qf4 Nd2+ 38. Bxd2 1-0

[Event "5ème open de Provence (B)"]
[Site "Salon de Provence"]
[Date "2014.??.??"]
[Round "3.6"]
[White "Telouk, Olivier"]
[Black "Misene, Milan"]
[Result "1/2-1/2"]
[WhiteElo "1550"]
[BlackElo "1410"]
[PlyCount "66"]
[EventDate "2014.??.??"]

1. c4 Nf6 2. d4 d6 3. Nc3 g6 4. Bf4 Bg7 5. Qd2 O-O 6. Bh6 Nbd7 7. Bxg7 Kxg7 8.
Nf3 c5 9. e3 b6 10. Bd3 cxd4 11. exd4 Bb7 12. Be2 Ne4 13. Nxe4 Bxe4 14. O-O Nf6
15. Ng5 Bb7 16. Bf3 Bxf3 17. Nxf3 Qd7 18. Rfe1 Rac8 19. Qe2 Rc7 20. Rad1 Re8
21. b3 e6 22. a4 Qc8 23. Qb2 d5 24. Ne5 Nd7 25. Nxd7 Qxd7 26. cxd5 exd5 27.
Rxe8 Qxe8 28. Kf1 Qe4 29. Re1 Qf5 30. Qe2 f6 31. g3 Rc2 32. Qe7+ Kh6 33. Qe3+
Kg7 1/2-1/2

[Event "5ème open de Provence (B)"]
[Site "Salon de Provence"]
[Date "2014.??.??"]
[Round "3.7"]
[White "Mars, Fiona"]
[Black "Benezra, Silke"]
[Result "1-0"]
[WhiteElo "1517"]
[BlackElo "1405"]
[PlyCount "62"]
[EventDate "2014.??.??"]

1. e4 e5 2. Nf3 Nc6 3. Bc4 Nf6 4. Ng5 d5 5. exd5 Nxd5 6. d3 Be7 7. Ne4 Be6 8.
O-O Qd7 9. Nbc3 Nxc3 10. Bxe6 Qxe6 11. Nxc3 Nd4 12. Re1 O-O-O 13. Be3 Bc5 14.
Na4 Bb6 15. Nxb6+ Qxb6 16. c3 Qxb2 17. cxd4 exd4 18. Re2 Qb6 19. Rb1 Qc6 20.
Bf4 Rhe8 21. Rc2 Re1+ 22. Qxe1 Qxc2 23. Rc1 Qa4 24. Rxc7+ Kb8 25. Rc4+ Ka8 26.
Rxa4 Rc8 27. Rc4 Rd8 28. Rxd4 Rc8 29. Rc4 Rd8 30. Qe7 Rb8 31. Qd7 b5 1-0

[Event "5ème open de Provence (B)"]
[Site "Salon de Provence"]
[Date "2014.??.??"]
[Round "3.8"]
[White "Porte, Jacques"]
[Black "Achard-Rozan, Celian"]
[Result "1-0"]
[WhiteElo "1487"]
[BlackElo "1330"]
[PlyCount "29"]
[EventDate "2014.??.??"]

1. d4 Nf6 2. Nf3 e6 3. Nc3 d5 4. Bf4 Bb4 5. a3 Ba5 6. e3 Ne4 7. Qd3 b6 8. b4
Ba6 9. Nb5 c6 10. Nc7+ Qxc7 11. Bxc7 Bxd3 12. cxd3 Bxb4+ 13. axb4 Nf6 14. Bxb6
Nbd7 15. Bc5 1-0

[Event "5ème open de Provence (B)"]
[Site "Salon de Provence"]
[Date "2014.??.??"]
[Round "3.9"]
[White "Brenon, Stephane"]
[Black "Chabaud, Philippe"]
[Result "0-1"]
[WhiteElo "1360"]
[BlackElo "1480"]
[PlyCount "86"]
[EventDate "2014.??.??"]

1. e4 e5 2. Nf3 Nc6 3. d4 Nf6 4. Bd3 d6 5. dxe5 dxe5 6. O-O Bg4 7. Nc3 Bd6 8.
Be2 O-O 9. Nd5 Nxe4 10. Nd2 Bxe2 11. Qxe2 Nxd2 12. Bxd2 Nd4 13. Qg4 Ne6 14. f4
Bc5+ 15. Kh1 Qxd5 16. Rad1 Qc4 17. Bc3 Bd6 18. Qg3 exf4 19. Qg4 f6 20. Rfe1
Rae8 21. a3 Ng5 22. h4 Ne4 23. Qf3 Ng3+ 24. Kh2 Re2 25. b3 Qe4 26. Qxe4 Rxe4
27. Bb4 Rfe8 28. Bxd6 Rxe1 29. Rxe1 Rxe1 30. Bxf4 Nf1+ 31. Kh3 c6 32. c4 Ra1
33. Bd6 Kf7 34. a4 Ke6 35. Bb8 a6 36. Kg4 g6 37. Kf3 Kf5 38. Ke2 Ke4 39. b4 Ne3
40. a5 Ra2+ 41. Ke1 Nxg2+ 42. Kd1 Kd3 43. b5 Ra1# 0-1

[Event "5ème open de Provence (B)"]
[Site "Salon de Provence"]
[Date "2014.??.??"]
[Round "3.10"]
[White "Faillat, Alois"]
[Black "Billon-Blouin, Colin"]
[Result "1/2-1/2"]
[WhiteElo "1477"]
[BlackElo "1284"]
[PlyCount "70"]
[EventDate "2014.??.??"]

1. e4 e5 2. Nf3 Nc6 3. Bc4 Nf6 4. d3 Bc5 5. c3 O-O 6. O-O d5 7. exd5 Nxd5 8. b4
Ndxb4 9. cxb4 Nxb4 10. Nxe5 Bd4 11. Bxf7+ Rxf7 12. Nxf7 Kxf7 13. Qb3+ Qd5 14.
Qxb4 Bxa1 15. Qf4+ Kg8 16. Qxc7 Qxd3 17. Re1 Bf5 18. Qxb7 Rc8 19. Nd2 Bc3 20.
Rd1 Bxd2 21. Bxd2 Qe2 22. Qd5+ Be6 23. Qf3 Qxf3 24. gxf3 Bxa2 25. Ra1 Bd5 26.
Rxa7 Bxf3 27. h3 h6 28. Kh2 Kh7 29. Be3 Ra8 30. Rxa8 Bxa8 31. Kg3 g6 32. Kh4 h5
33. Kg5 Kg7 34. h4 Be4 35. Bd4+ Kf7 1/2-1/2

[Event "5ème open de Provence (B)"]
[Site "Salon de Provence"]
[Date "2014.??.??"]
[Round "3.11"]
[White "Goeau, Aurelice"]
[Black "Maccagno, Gilbert"]
[Result "0-1"]
[WhiteElo "1232"]
[BlackElo "1463"]
[PlyCount "104"]
[EventDate "2014.??.??"]

1. e4 c5 2. Nf3 d6 3. d4 cxd4 4. Nxd4 Nf6 5. Nc3 a6 6. Bc4 e6 7. O-O Qc7 8. Qe2
Be7 9. Bb3 O-O 10. Re1 Bd7 11. Bg5 Nc6 12. Nf3 Rfe8 13. e5 dxe5 14. Nxe5 Nxe5
15. Qxe5 Qxe5 16. Rxe5 Bc6 17. Rd1 Ng4 18. Rxe6 Bxg5 19. Ree1 Nh6 20. h3 Kf8
21. Bd5 Rxe1+ 22. Rxe1 Bd2 23. Rd1 Bxc3 24. bxc3 Bxd5 25. Rxd5 f6 26. Rd7 b5
27. Rc7 Nf7 28. a3 Ne5 29. f4 Nc4 30. a4 Ne3 31. axb5 axb5 32. Rb7 Ra5 33. Rb8+
Kf7 34. Kf2 Nxc2 35. f5 h6 36. g4 Na3 37. h4 Ra4 38. Kf3 Rc4 39. Rb7+ Kg8 40.
Rb8+ Kh7 41. g5 hxg5 42. h5 Rxc3+ 43. Kg4 Rc4+ 44. Kg3 Rh4 45. Ra8 b4 46. Ra4
Nc2 47. Ra2 b3 48. Rb2 Rb4 49. Kf3 g4+ 50. Kg3 Kh6 51. Kh4 g3+ 52. Kxg3 Kxh5
0-1

[Event "5ème open de Provence (B)"]
[Site "Salon de Provence"]
[Date "2014.??.??"]
[Round "3.12"]
[White "Hassid, Samuel"]
[Black "Mars, Theo"]
[Result "0-1"]
[WhiteElo "1153"]
[BlackElo "1449"]
[PlyCount "104"]
[EventDate "2014.??.??"]

1. c4 c6 2. g3 d5 3. b3 Bf5 4. Bg2 e6 5. e3 Nf6 6. Ne2 Bd3 7. cxd5 cxd5 8. b4
Qb6 9. Qb3 Bxe2 10. Kxe2 Qxb4 11. Qxb4 Bxb4 12. Na3 O-O 13. Nb5 Nc6 14. Ba3
Bxa3 15. Nxa3 a6 16. Rac1 Rac8 17. Rb1 b5 18. Nc2 Rc7 19. Rhc1 Rfc8 20. Nb4
Nxb4 21. Rxc7 Rxc7 22. Rxb4 Rc2 23. a4 Rc5 24. axb5 Rxb5 25. Rxb5 axb5 26. Kd3
Ne8 27. Kd4 Kf8 28. Kc5 Nc7 29. Bf1 Ke7 30. Bxb5 Nxb5 31. Kxb5 Kd6 32. d4 e5
33. Kb4 exd4 34. exd4 f6 35. Kc3 Ke6 36. g4 f5 37. h3 g6 38. Kd3 Kf6 39. Ke3
Kg5 40. gxf5 gxf5 41. h4+ Kg4 42. f3+ Kxh4 43. Kf4 h5 44. Kxf5 Kg3 45. Ke5 h4
46. f4 h3 47. f5 h2 48. f6 h1=Q 49. Ke6 Qh6 50. Ke7 Qe3+ 51. Kd6 Qxd4 52. f7
Qf6+ 0-1

[Event "5ème open de Provence (B)"]
[Site "Salon de Provence"]
[Date "2014.??.??"]
[Round "3.13"]
[White "Ulloa, Philippe"]
[Black "Philippe, Alexis"]
[Result "1-0"]
[WhiteElo "1443"]
[BlackElo "1420"]
[PlyCount "75"]
[EventDate "2014.??.??"]

1. d4 Nf6 2. c4 g6 3. Nc3 Bg7 4. e4 d6 5. Nf3 O-O 6. h3 Nc6 7. a3 e5 8. d5 Ne7
9. Bd3 Nd7 10. Be3 f5 11. Bg5 f4 12. Nb5 h6 13. Bxe7 Qxe7 14. Nxc7 Rb8 15. b4
a6 16. O-O Nf6 17. Ne6 Bxe6 18. dxe6 Qxe6 19. Rc1 h5 20. c5 g5 21. Bc4 d5 22.
exd5 Qf5 23. Re1 g4 24. Rxe5 Qg6 25. Nh4 Qh7 26. Bd3 Qh8 27. Ng6 Qh6 28. Qb3
Nh7 29. d6+ Rf7 30. Re7 Ng5 31. h4 Qh7 32. hxg5 Bd4 33. Rxf7 Qxf7 34. Bc4 Rf8
35. Bxf7+ Rxf7 36. Nxf4 g3 37. g6 Bxf2+ 38. Kf1 1-0

[Event "5ème open de Provence (B)"]
[Site "Salon de Provence"]
[Date "2014.??.??"]
[Round "3.14"]
[White "Goeau, Philibert"]
[Black "Boghossian, Hugo"]
[Result "0-1"]
[WhiteElo "1308"]
[BlackElo "1344"]
[PlyCount "72"]
[EventDate "2014.??.??"]

1. d4 Nf6 2. Bg5 Nc6 3. c4 e6 4. Nc3 Bb4 5. Nf3 h6 6. Bxf6 Qxf6 7. e3 O-O 8.
Bd3 b6 9. Qc2 Bb7 10. O-O Ne7 11. Be2 Nf5 12. a3 Bd6 13. Ne4 Qg6 14. Ng3 Nxg3
15. Qxg6 Nxe2+ 16. Kh1 fxg6 17. Rfe1 Rxf3 18. Rxe2 Rh3 19. f4 g5 20. Rf1 Rf8
21. Kg1 Rh4 22. g3 Rg4 23. Rff2 gxf4 24. exf4 Rfxf4 25. Rxf4 Bxf4 26. Kf2 Bg5
27. d5 Rxc4 28. dxe6 dxe6 29. Rxe6 Rc2+ 30. Kg1 Rxb2 31. Re8+ Kf7 32. Rb8 Bc6
33. Rc8 Be3+ 34. Kf1 Bf3 35. Rxc7+ Kg6 36. Rd7 Rb1+ 0-1

[Event "5ème open de Provence (B)"]
[Site "Salon de Provence"]
[Date "2014.??.??"]
[Round "3.15"]
[White "Grima-Flores, Jose"]
[Black "Hervy, Daniel"]
[Result "0-1"]
[WhiteElo "1340"]
[BlackElo "1310"]
[PlyCount "40"]
[EventDate "2014.??.??"]

1. e4 e5 2. Nf3 Nc6 3. Bb5 Bc5 4. c3 Qf6 5. d3 h6 6. O-O a6 7. Ba4 Nce7 8. d4
exd4 9. cxd4 Ba7 10. Nc3 c6 11. Bc2 Ng6 12. b3 Qd8 13. Bb2 Nf6 14. Ba3 Qa5 15.
Bb2 O-O 16. a4 d6 17. Qb1 Bg4 18. Qd1 Nh4 19. Qd3 Bxf3 20. gxf3 Qg5+ 0-1

[Event "5ème open de Provence (B)"]
[Site "Salon de Provence"]
[Date "2014.??.??"]
[Round "3.16"]
[White "Villevieille, Lucas"]
[Black "Pietrac, Christian"]
[Result "1/2-1/2"]
[WhiteElo "1338"]
[BlackElo "1214"]
[PlyCount "104"]
[EventDate "2014.??.??"]

1. d4 Nf6 2. c4 c6 3. Nc3 e6 4. a3 d5 5. cxd5 exd5 6. Bg5 Be7 7. e3 O-O 8. Bd3
Re8 9. Nge2 Bg4 10. f3 Bh5 11. O-O Nbd7 12. Qc2 Bg6 13. Bxg6 fxg6 14. e4 h6 15.
Bxf6 Nxf6 16. e5 Nd7 17. Qxg6 Nf8 18. Qd3 Bg5 19. f4 Be7 20. Ng3 Qd7 21. f5 Bg5
22. f6 gxf6 23. exf6 Kf7 24. Nh5 Qg4 25. Qf3 Qxf3 26. Rxf3 Be3+ 27. Kf1 Bxd4
28. Re1 Rxe1+ 29. Kxe1 Re8+ 30. Kd2 Nd7 31. Ng7 Rg8 32. g3 Nxf6 33. Nh5 Rg5 34.
Nxf6 Bxf6 35. b3 Kg6 36. Ne2 h5 37. Nf4+ Kf7 38. Nd3 Kg6 39. Nc5 Rf5 40. Rxf5
Kxf5 41. Nxb7 Ke4 42. Ke2 d4 43. Nc5+ Kd5 44. Nd3 Be7 45. a4 a5 46. h3 c5 47.
Kd2 Ke4 48. Ke2 Bd6 49. Nf2+ Kf5 50. Nd3 Ke4 51. Nf2+ Kf5 52. Nd3 Ke4 1/2-1/2

[Event "5ème open de Provence (B)"]
[Site "Salon de Provence"]
[Date "2014.??.??"]
[Round "4.1"]
[White "Baroyan, Davit"]
[Black "Goeau, Loic"]
[Result "1-0"]
[WhiteElo "1654"]
[BlackElo "1651"]
[PlyCount "87"]
[EventDate "2014.??.??"]

1. d4 d5 2. c4 c6 3. Nf3 Nf6 4. Nc3 dxc4 5. a4 Bf5 6. e3 e6 7. Bxc4 Bb4 8. O-O
Nbd7 9. Qb3 Qe7 10. Na2 a5 11. Nxb4 Qxb4 12. Qxb4 axb4 13. Bd2 Nb6 14. Bb3 Nbd5
15. a5 Bd3 16. Rfe1 Ne4 17. Bxd5 Nxd2 18. Bxc6+ bxc6 19. Nxd2 Kd7 20. Rec1 Ra6
21. Nb3 Bb5 22. Nc5+ Kd6 23. Nxa6 Bxa6 24. f3 Bd3 25. Kf2 b3 26. Ke1 Bc2 27.
Kd2 c5 28. dxc5+ Kxc5 29. Rxc2+ bxc2 30. Kxc2 Ra8 31. Kc3 Ra7 32. b4+ Kb5 33.
Rd1 Rc7+ 34. Kb3 h5 35. Rd6 Rb7 36. Rb6+ Rxb6 37. axb6 Kxb6 38. Kc4 h4 39. g3
hxg3 40. hxg3 f6 41. b5 g6 42. f4 g5 43. fxg5 fxg5 44. g4 1-0

[Event "5ème open de Provence (B)"]
[Site "Salon de Provence"]
[Date "2014.??.??"]
[Round "4.2"]
[White "Mazzella, Enzo"]
[Black "Salvi, Michel"]
[Result "0-1"]
[WhiteElo "1554"]
[BlackElo "1626"]
[PlyCount "142"]
[EventDate "2014.??.??"]

1. e4 c5 2. d4 cxd4 3. c3 Nf6 4. e5 Nd5 5. Qxd4 e6 6. Bd3 Nc6 7. Qe4 Qb6 8. Nf3
f5 9. exf6 Nxf6 10. Qe2 Bc5 11. Nbd2 O-O 12. O-O d5 13. h3 Bd7 14. Nb3 Bd6 15.
Be3 Qc7 16. Bc5 e5 17. Bxd6 Qxd6 18. Bc2 a6 19. Qe3 Nh5 20. Qc5 Qxc5 21. Nxc5
Bxh3 22. Bxh7+ Kh8 23. Ng5 Bf5 24. Bxf5 Rxf5 25. Nh3 Rff8 26. Rad1 Nf6 27. Rd2
b6 28. Nd3 Ne4 29. Re2 g5 30. Kh2 g4 31. Ng1 Rf7 32. g3 Rf5 33. Rfe1 Kg7 34.
Kg2 Raf8 35. Rf1 Rf3 36. Rd1 R3f5 37. Rc2 Na5 38. b3 Rc8 39. Rdc1 Rcf8 40. Rf1
Nc6 41. Rd1 a5 42. a4 d4 43. cxd4 Nxd4 44. Rb2 Nc3 45. Rc1 Nd5 46. Re1 Re8 47.
b4 e4 48. bxa5 bxa5 49. Rb7+ Kf8 50. Nc5 e3 51. Nd7+ Kg8 52. fxe3 Nxe3+ 53.
Rxe3 Rxe3 54. Rb8+ Kg7 55. Rb7 Rf7 56. Nc5 Rxb7 57. Nxb7 Nb3 58. Nd6 Kf6 59.
Kf2 Rd3 60. Nb5 Nc5 61. Ne2 Nxa4 62. Nf4 Rf3+ 63. Ke2 Kf7 64. Nd6+ Kg8 65. Nf5
Nc3+ 66. Kd2 Ne4+ 67. Kc2 Nxg3 68. Ne7+ Kf7 69. Neg6 Kf6 70. Kb2 a4 71. Ka2 Kg5
0-1

[Event "5ème open de Provence (B)"]
[Site "Salon de Provence"]
[Date "2014.??.??"]
[Round "4.3"]
[White "Chabaud, Philippe"]
[Black "Maccagnan, Tomas"]
[Result "0-1"]
[WhiteElo "1480"]
[BlackElo "1679"]
[PlyCount "70"]
[EventDate "2014.??.??"]

1. d4 Nf6 2. c4 c5 3. d5 e6 4. Nc3 exd5 5. cxd5 d6 6. e4 g6 7. Bg5 Bg7 8. Bd3
O-O 9. Nge2 a6 10. a4 Qc7 11. O-O Re8 12. Qd2 Nbd7 13. Ng3 Rb8 14. b3 Ne5 15.
Be2 b6 16. Qf4 Nfd7 17. Rac1 f6 18. Bh6 g5 19. Bxg5 fxg5 20. Qxg5 Nf7 21. Qh4
Nde5 22. f4 Ng6 23. Qh5 Qe7 24. Nf5 Bxf5 25. Qxf5 Bxc3 26. Qe6 Bd4+ 27. Kh1 Qh4
28. Qd7 Rxe4 29. Bd3 Re7 30. Qf5 Nh6 31. Qg5 Qxg5 32. fxg5 Nf7 33. Rf3 Nge5 34.
Bxh7+ Kxh7 35. Rh3+ Kg6 0-1

[Event "5ème open de Provence (B)"]
[Site "Salon de Provence"]
[Date "2014.??.??"]
[Round "4.4"]
[White "Noireaut, Hoan"]
[Black "Porte, Jacques"]
[Result "1-0"]
[WhiteElo "1674"]
[BlackElo "1487"]
[PlyCount "61"]
[EventDate "2014.??.??"]

1. d4 Nf6 2. Nc3 g6 3. e4 d6 4. f3 Bg7 5. Be3 c6 6. Qd2 Be6 7. Bh6 Bxh6 8. Qxh6
Qb6 9. O-O-O Nbd7 10. Nh3 O-O-O 11. Ng5 Nf8 12. Kb1 Rg8 13. d5 cxd5 14. Nxd5
Nxd5 15. exd5 Bd7 16. Nxf7 Re8 17. g3 a5 18. Bh3 Qc7 19. Rd3 Kb8 20. Re1 Ba4
21. Rc3 Qb6 22. b3 Qf2 23. Rce3 Bd7 24. Rxe7 Rc8 25. c4 Qxh2 26. Bxd7 Qxh6 27.
Nxh6 Nxd7 28. Nxg8 Rxg8 29. Rxd7 Rf8 30. f4 g5 31. Ree7 1-0

[Event "5ème open de Provence (B)"]
[Site "Salon de Provence"]
[Date "2014.??.??"]
[Round "4.5"]
[White "Billon-Blouin, Alec"]
[Black "Loi, Emmanuel"]
[Result "1-0"]
[WhiteElo "1579"]
[BlackElo "1271"]
[PlyCount "46"]
[EventDate "2014.??.??"]

1. e4 g6 2. d4 Bg7 3. f4 e6 4. Nf3 Ne7 5. Nc3 a6 6. h4 d6 7. h5 gxh5 8. Be3 Bd7
9. Bd3 b5 10. a3 Nbc6 11. e5 Nf5 12. Bxf5 exf5 13. d5 Na5 14. b3 Rc8 15. Qd2
dxe5 16. fxe5 h6 17. Ne2 Nb7 18. Nf4 Qe7 19. Bd4 O-O 20. Nxh5 Nc5 21. Nxg7 Ne4
22. Qxh6 f6 23. Qh7+ Kf7 1-0

[Event "5ème open de Provence (B)"]
[Site "Salon de Provence"]
[Date "2014.??.??"]
[Round "4.6"]
[White "Maccagno, Gilbert"]
[Black "Frailinu, Jean-Bernard"]
[Result "1-0"]
[WhiteElo "1463"]
[BlackElo "1574"]
[PlyCount "63"]
[EventDate "2014.??.??"]

1. d4 d5 2. c4 e6 3. Nc3 Nf6 4. e3 c5 5. Nf3 Nc6 6. Be2 Be7 7. O-O O-O 8. a3 a5
9. Qc2 b6 10. Bd2 dxc4 11. Bxc4 cxd4 12. exd4 Nxd4 13. Nxd4 Qxd4 14. Bd3 Bb7
15. Be3 Qd8 16. Rad1 Qc7 17. Rc1 Rac8 18. Qe2 Bc5 19. Bxc5 Qxc5 20. Rc2 Qc6 21.
f3 Qc5+ 22. Kh1 Rfd8 23. Rfc1 Nd5 24. Nxd5 Qxd5 25. Rxc8 Bxc8 26. Be4 Qd6 27.
h3 Bd7 28. Qe1 f5 29. Bb1 Be8 30. Ba2 Bf7 31. Bb3 e5 32. Rd1 1-0

[Event "5ème open de Provence (B)"]
[Site "Salon de Provence"]
[Date "2014.??.??"]
[Round "4.7"]
[White "Mars, Theo"]
[Black "Mars, Fiona"]
[Result "1-0"]
[WhiteElo "1449"]
[BlackElo "1517"]
[PlyCount "59"]
[EventDate "2014.??.??"]

1. Nf3 Nf6 2. c4 g6 3. Nc3 Bg7 4. g3 O-O 5. Bg2 d6 6. d4 c6 7. O-O a6 8. b4 b5
9. c5 Nbd7 10. Bf4 Nh5 11. cxd6 Nxf4 12. dxe7 Qxe7 13. gxf4 Qxb4 14. Rc1 Rb8
15. Ne5 Nxe5 16. fxe5 Rd8 17. e3 c5 18. Ne2 cxd4 19. Nxd4 Bxe5 20. Nc6 Qh4 21.
Qxd8+ Qxd8 22. Nxd8 Bd7 23. Nc6 Re8 24. Nxe5 Rxe5 25. Rfd1 Be6 26. a3 a5 27.
Rd8+ Kg7 28. Rb8 Bc4 29. a4 Bb3 30. Rxb5 1-0

[Event "5ème open de Provence (B)"]
[Site "Salon de Provence"]
[Date "2014.??.??"]
[Round "4.8"]
[White "Billon-Blouin, Colin"]
[Black "Telouk, Olivier"]
[Result "0-1"]
[WhiteElo "1284"]
[BlackElo "1550"]
[PlyCount "56"]
[EventDate "2014.??.??"]

1. e4 c5 2. Nf3 d6 3. d4 cxd4 4. Nxd4 Nf6 5. Nc3 g6 6. Bg5 Bg7 7. Bc4 O-O 8.
O-O Qb6 9. Ncb5 a6 10. Nc3 Qxb2 11. Qd2 Qb4 12. Bb3 Nxe4 13. Nxe4 Qxd2 14. Nxd2
Bxd4 15. Rad1 Re8 16. Rfe1 Nc6 17. Nc4 Bg4 18. Rd3 Bf5 19. Rf3 d5 20. Ne3 Bxe3
21. Rexe3 Nd4 22. Rf4 Nxb3 23. cxb3 Rac8 24. g3 f6 25. Bh6 e5 26. Rb4 d4 27.
Rxb7 dxe3 28. Rg7+ Kh8 0-1